000 00919nam0a22002411 4500
001 rc\2772387
005 20250806210728.0
035 _a(NLR Aleph) 006898743
090 _a15236
_c15236
100 _a20110915d1941 u y0rusy50 ca
101 0 _arus
102 _aRU
105 _ay z |||||
200 1 _aМатериалы по подготовке к сдаче норм "Готов к санитарной обороне" (ГСО)
_e1-й и 2-й профиль
_fИспол. ком. союза о-в красного креста и красного полумесяца СССР
210 _aВологда
_cОбл. ком. красного креста
_d1941
215 _a32 с.
_d16 см.
801 0 _aRU
_bNLR
_gpsbo
801 1 _aRU
_bELAR
_2rusmarc
852 _aNLR
_jВ40 Г-2/72
942 _cBOOK
945 _aРоссийская национальная библиотека
980 _aNB
980 _aBV